书目信息 |
| 题名: |
国外教育学科发展概述
|
|
| 作者: | 张渭成 编 | |
| 分册: | ||
| 出版信息: | 北京 教育科学出版社 1982 |
|
| 页数: | 198页 | |
| 开本: | 19cm | |
| 丛书名: | ||
| 单 册: | ||
| 中图分类: | G40-1 | |
| 科图分类: | ||
| 主题词: | 教育科学--学科--发展--外国 | |
| 电子资源: | ||
| ISBN: | ||
| 000 | 00596nam0 2200217 450 | |
| 001 | 1538839772 | |
| 005 | 20150130104730.37 | |
| 010 | @dCNY0.63 | |
| 091 | @a7232.152 | |
| 100 | @a19950621d1982 emky0chiy0110 ea | |
| 101 | 0 | @achi |
| 102 | @aCN@b110000 | |
| 105 | @ay z 000yy | |
| 200 | 1 | @a国外教育学科发展概述@9guo wai jiao yu xue ke fa zhan gai shu@f张渭成编 |
| 210 | @a北京@c教育科学出版社@d1982 | |
| 215 | @a198页@d19cm | |
| 606 | 0 | @a教育科学@x学科@x发展@y外国 |
| 690 | @aG40-1@v5 | |
| 701 | 0 | @a张渭成@9zhang wei cheng@4编 |
| 801 | 0 | @aCN@bTSSF@c20150130 |
| 905 | @aZUCC@dG40-1@eJY1 | |
| 国外教育学科发展概述/张渭成编.-北京:教育科学出版社,1982 |
| 198页;19cm |
| ISBN :CNY0.63 |
| ● |
| 相关链接 |
|
|
|
|
正题名:国外教育学科发展概述
索取号:G40-1/JY1
 
预约/预借
| 序号 | 登录号 | 条形码 | 馆藏地/架位号 | 状态 | 备注 |
| 1 | 7861011 | 278610111 | 学院路分馆/ [索取号:G40-1/JY1] | 在馆 |